Statistics for Oldest Countries on Planet Earth (2)

Click here to take the quiz!

General Stats

  • This quiz has been taken 16 times
  • The average score is 5 of 10

Answer Stats

HintAnswer% Correct
660BCJapan
93%
201BCChina
87%
843ADFrance
60%
1246ADMongolia
40%
1143ADPortugal
40%
301ADSan Marino
40%
1238ADThailand
33%
1000ADDenmark
27%
1001ADHungary
27%
976ADAustria
13%

Score Distribution

Percentile by Number Answered

Percent of People with Each Score

Your Score History

You have not taken this quiz